| 000 | 01718nam a2200301 i 4500 | ||
|---|---|---|---|
| 001 | 16995 | ||
| 003 | ES-MaACL | ||
| 005 | 20240118063000.0 | ||
| 007 | t| | ||
| 008 | 001129m19849999sp |||| |dspa d | ||
| 020 | _a84-600-3722-3 | ||
| 080 | _a821.134.2-821"17" | ||
| 080 | _a081 Jovellanos, Gaspar Melchor de | ||
| 100 | 1 |
_aJovellanos, Gaspar Melchor de, _d1744-1811 _9222580 |
|
| 245 | 1 | 0 |
_aObras completas / _cGaspar Melchor de Jovellanos ; edición crítica, introducción y notas de José Miguel Caso González. |
| 260 |
_aOviedo : _bCentro de Estudios del Siglo XVIII, Ilustre Ayuntamiento de Gijón, _c1984- |
||
| 300 |
_a9 v. ; _c25 cm. |
||
| 490 | 1 |
_aColección de autores españoles del siglo XVIII ; _v22-I-VII |
|
| 500 | _aA partir del tomo 4, el editor cambia su denominación por la de : Instituto Feijoo de Estudios del Siglo XVIII. | ||
| 500 | _aEn 10 v. | ||
| 505 | 8 | _aContiene: 1. Obras literarias -- 2. Correspondencia 1º, 1767-Junio de 1794 -- 3. Correspondencia 2º, Julio 1794-Marzo 1801 -- 4. Correspondencia 3º, Abril 1801-Septiembre 1808 -- 5. Correspondencia 4º, Octubre 1808-1811, addenda -- 6. Diario 1º. (Cuadernos I a V, hasta 30 de Agosto de 1794) -- 7. Diario 2º. Cuadernos V, conclusión, VI y VII (desde el 1 de septiembre de 1794 hasta el 18 de agosto de 1797)- 9. Escritos asturianos - 11. Escritos políticos | |
| 700 | 1 |
_aCaso González, José. _936328 |
|
| 710 | 2 |
_aUniversidad de Oviedo. _bCentro de Estudios del Siglo XVIII. _97262 |
|
| 710 | 2 |
_aInstituto Feijoo de Estudios del Siglo XVIII _95055 |
|
| 830 | 0 |
_aColección de autores españoles del siglo XVIII ; _v22-I-VII _9228687 |
|
| 852 |
_aES-MaACL _jP-1505 |
||
| 999 |
_c16995 _d16995 |
||